Anthropogenic history of Kazakhstan/ (Record no. 616597)
[ view plain ]
| 000 -LEADER | |
|---|---|
| fixed length control field | 00440nam a22001697a 4500 |
| 020 ## - INTERNATIONAL STANDARD BOOK NUMBER | |
| International Standard Book Number | 9786017367084 |
| 082 ## - DEWEY DECIMAL CLASSIFICATION NUMBER | |
| Classification number | 904 |
| Author Mark | BAI |
| 100 ## - MAIN ENTRY--PERSONAL NAME | |
| Personal name | Baibatsha,A.B |
| 245 ## - TITLE STATEMENT | |
| Title | Anthropogenic history of Kazakhstan/ |
| Statement of responsibility, etc. | M.SH. Alinov |
| 260 ## - PUBLICATION, DISTRIBUTION, ETC. | |
| Place of publication, distribution, etc. | Almaty: |
| Name of publisher, distributor, etc. | Bastau; |
| Date of publication, distribution, etc. | 2012. |
| 300 ## - PHYSICAL DESCRIPTION | |
| Extent | 276p. |
| 504 ## - BIBLIOGRAPHY, ETC. NOTE | |
| Bibliography, etc. note | kazakhstan books |
| 563 ## - BINDING INFORMATION | |
| Binding note | PB |
| 650 ## - SUBJECT ADDED ENTRY--TOPICAL TERM | |
| Topical term or geographic name entry element | Anthropogenic |
| 650 ## - SUBJECT ADDED ENTRY--TOPICAL TERM | |
| Topical term or geographic name entry element | history of kazakhstan |
| 942 ## - ADDED ENTRY ELEMENTS (KOHA) | |
| Source of classification or shelving scheme | |
| Koha item type | Book |
| 650 ## - SUBJECT ADDED ENTRY--TOPICAL TERM | |
| -- | 133632 |
| 650 ## - SUBJECT ADDED ENTRY--TOPICAL TERM | |
| -- | 133633 |
| Withdrawn status | Lost status | Source of classification or shelving scheme | Materials specified (bound volume or other part) | Damaged status | Not for loan | Permanent Location | Current Location | Date acquired | Source of acquisition | Total Checkouts | Full call number | Barcode | Date last seen | Price effective from | Koha item type | Public note |
|---|---|---|---|---|---|---|---|---|---|---|---|---|---|---|---|---|
| Satbayev Centre | Central Library (CL) | Central Library (CL) | 03/10/2026 | Satbayev Centre | 904 BAI | CL-D-3223 | 03/10/2026 | 03/10/2026 | Book | Satbayev Centre | ||||||
| Satbayev Centre | Central Library (CL) | Central Library (CL) | 03/10/2026 | Satbayev Centre | 904 BAI | CL-D-3224 | 03/10/2026 | 03/10/2026 | Book | Satbayev Centre | ||||||
| Satbayev Centre | Central Library (CL) | Central Library (CL) | 03/10/2026 | Satbayev Centre | 904 BAI | CL-D-3222 | 03/10/2026 | 03/10/2026 | Book | Satbayev Centre | ||||||
| Satbayev Centre | Central Library (CL) | Central Library (CL) | 03/10/2026 | Satbayev Centre | 904 BAI | CL-D-3221 | 03/10/2026 | 03/10/2026 | Book | Satbayev Centre | ||||||
| Satbayev Centre | Central Library (CL) | Central Library (CL) | 03/10/2026 | Satbayev Centre | 904 BAI | CL-D-3220 | 03/10/2026 | 03/10/2026 | Book | Satbayev Centre |
